Actors Named Matthew - Statistics

General Stats
  • This quiz has been taken 514 times
  • The average score is 4 of 20
Answer Stats
Hint Answer % Correct
Ferris Bueller, Simba Matthew Broderick
87%
Chandler Bing, Mike Kresteva Matthew Perry
80%
Vinnie Verducci, Joey Tribbiani Matt LeBlanc
66%
Tom Ripley, James Ryan Matt Damon
48%
Prince Philip, Daemon Targaryen Matt Smith
33%
Rick Peck, Buster Moon Matthew McConaughey
20%
Shaggy Rogers, William Afton Matthew Lillard
16%
Mr. Darcy, Mr. Paradox Matthew Macfadyen
15%
"Joker" Davis, Dr. Martin Brenner Matthew Modine
12%
Will Schuester, Paul Stadler Matthew Morrison
12%
Simon Seville, Dr. Spencer Reid Matthew Gray Gubler
11%
Rex Racer, Charlie Salinger Matthew Fox
6%
William Shakespeare, Felix Fickelgruber Mathew Baynton
3%
Gavin Shipman, Soldier Vesklin Mathew Horne
3%
Bob Hughes, Walter Geronimo Matt Dillon
2%
Warner Huntington III, Alaric Saltzman Matthew Davis
2%
Alec Lightwood, Scooter Matthew Daddario
1%
Chuck Yeager, Rick Lackerson Matthew Glave
0%
Gary Giggles, Dan Forester Matt O'Leary
0%
Glenn Odekirk, Alby Grant Matt Ross
0%
No matching quizzes found
Score Distribution
Percent of People with Each Score
Percentile by Number Answered
Your Score History
You have not taken this quiz